| 000 | 01767nam a22004577a 4500 | ||
|---|---|---|---|
| 001 | 000096694 | ||
| 003 | CHAP | ||
| 005 | 20220329143208.0 | ||
| 008 | 061214d2006 mx ad r 00110 spa d | ||
| 010 | _a93160 | ||
| 011 | _a94132 | ||
| 035 | _a104716 | ||
| 040 | _cCHAP | ||
| 090 | _aTesis | ||
| 100 | 1 |
_aAndrés Jacinto, Felipe. _95721 |
|
| 245 | 1 | 0 |
_aCaracterización morfológica de la diversidad de chiles nativos (Capsicum spp) del estado de Oaxaca / _c/por Felipe Andrés Jacinto. |
| 260 |
_aOaxaca, Oax. : _bEl autor, _c2006. |
||
| 300 |
_a64 h. : _bilus. ; gráfs. ; cuadros ; anexos. |
||
| 502 | _aTesis (Ing. Agr. Esp. en Zonas Tropicales. Orientación Terminal en Agricultura ) -- UACH. Centro Regional Universitario Sur | ||
| 590 |
_aALEPH _b10 _c20130110 _lUCH01 _h1515 |
||
| 590 |
_aBATCH-UPD _b10 _c20130110 _lUCH01 _h0620 |
||
| 590 |
_aBATCH-UPD _b10 _c20130410 _lUCH01 _h0303 |
||
| 590 |
_aBATCH-UPD _b10 _c20130914 _lUCH01 _h0330 |
||
| 590 |
_aBATCH-UPD _b10 _c20140324 _lUCH01 _h1500 |
||
| 590 |
_aBATCH-UPD _b10 _c20141002 _lUCH01 _h0832 |
||
| 590 |
_aBATCH _b00 _c20181121 _lUCH01 _h0758 |
||
| 590 |
_aCONVERSION _b10 _c20130109 _lUCH01 _h1352 |
||
| 590 |
_aE792CSJ _b10 _c20130531 _lUCH01 _h1417 |
||
| 650 | 1 | 4 |
_aChile (Botánica) _xGenética. _922361 |
| 650 | 1 | 4 |
_aChile (Botánica) _xGermoplasma. _922363 |
| 650 | 1 | 4 |
_aChile (Botánica) _zOaxaca. _922401 |
| 650 | 1 | 4 |
_aMorfología vegetal. _978772 |
| 856 |
_3Finding aid _uhttp://10.13.5.2/tesis/104716.pdf _zTeclea aquí |
||
| 856 |
_a1 _n0000369 |
||
| 901 | _aBK | ||
| 905 | _aMarco A. Mendoza T. | ||
| 942 | _cCD | ||
| 942 | _n0 | ||
| 949 |
_aTesis _bBC _cTES _d33724002012330 _eTS1 _gDonaciØn _h46258 _i104716 _sb |
||
| 949 |
_aTesis _bBC _cTES _d33724002012347 _eTS2 _fc.2 _gDonaciØn _h46259 _i104716 _si |
||
| 999 |
_c93160 _d93160 |
||